000 00542nam a22002057a 4500
003 UA-OsUOA
001 9351
007 ta
008 20041103b un ||||| |||| 00| 0 ukr d
100 _aМоскаленко Михайло
942 _cSA
040 _aUA-OsUOA
_bukr
_cUA-OsUOA
_dUA-OsUOA
245 _aМикола Бажан - автор "Всесвіту"
300 _aС.144-150
955 _a0
041 _aukr
044 _aUA
773 0 _w0
_tВсесвіт
_dК.
_d2004
_gN9-10
650 7 _aБажан Микола
_2UDC
999 _c295512
_d295512